000 00616nam a22002057a 4500
003 OSt
005 20260110005228.0
008 260110b |||||||| |||| 00| 0 eng d
020 _a0-256-21756-4.
040 _aDWCL-Main lib.
_cOC
082 _21996-97 ed.
_aCirc. 657 C321 1997
100 _aCarse, Timothy F.
245 _aPayroll accounting :
_b a practical approach
_cTmothy F. Carse
250 _a1996-97 ed.
260 _aChicago :
_b Irwin,
_cc1997.
300 _a80 p. :
_b ill. ;
_c27 cm.
650 _a1. Accounting.
700 _aSlater, Jeffrey
942 _2ddc
_cBK-CIRC
_e1996-97 ed.
_hCirc.
_n0
999 _c7235
_d7235